Bud‘ Žegort /

Hlavní autor: Dousková, Irena, 1964-
Další autoři: Judina, Marija
Jazyk: Ruština
Vydáno: Moskva : 4-ja ulica, 2018
Témata:
Fyzický popis: 184 stran ; 21 cm
Knihy
Uloženo v:
LEADER 01208nam a2200361 i 4500
001 001768245
003 CZ BrMZK
005 20200924144924.0
007 ta
008 200911s2018 ru g 000 f rus
020 |a 978-5-4370-0242-1  |q (vázáno) 
040 |a BOA001  |b cze  |e rda 
041 1 |a rus  |h cze 
072 7 |a 821.162.3-3  |x Česká próza  |2 Konspekt  |9 25 
080 |a 821.162.3-31  |2 MRF 
080 |a (0:82-31)  |2 MRF 
100 1 |a Dousková, Irena,  |d 1964-  |7 jn19990216043  |4 aut 
240 1 0 |a Hrdý Budžes.  |l Rusky  |7 aun20191023166 
245 1 0 |a Bud‘ Žegort /  |c Irena Douskova ; perevod s češskogo Marii Judinoj 
264 1 |a Moskva :  |b 4-ja ulica,  |c 2018 
300 |a 184 stran ;  |c 21 cm 
336 |a text  |b txt  |2 rdacontent 
337 |a bez média  |b n  |2 rdamedia 
338 |a svazek  |b nc  |2 rdacarrier 
500 |a "Literaturno-chudožestvennoje izdanije"--Tiráž 
500 |a 300 výtisků 
521 8 |a Pro čtenáře od 16 let 
655 7 |a české romány  |7 fd133974  |2 czenas 
700 1 |a Judina, Marija  |4 trl 
910 |a BOA001  |b 2-1453.455 
990 |a BK 
991 |b 202009  |c NOV 
996 7 |b 2610838443  |c 2-1453.455  |l MZK  |r Sklad / do 1 hodiny  |n 0  |p dar  |w 001825929  |u 000010  |a 1  |e BOA001  |j MZK50  |s A